[Event "46th GRE-chT Premier 2018"]
[Site "Rio Achaia"]
[Date "2018.07.14"]
[Round "6"]
[White "Pasoglou, Nikoleta"]
[Black "Mihailidou, Magdalini"]
[Result "1-0"]
[WhiteElo "1354"]
[BlackElo "1762"]
[Annotator "NA"]
[PlyCount "65"]
[EventDate "2018.07.10"]
[EventType "team-tourn"]
[EventCountry "GRE"]
[SourceTitle "playchess.com"]
[Source "ChessBase"]
[SourceQuality "1"]

1. e4 e5 2. Nf3 Nc6 3. Bb5 Nge7 4. c3 a6 5. Ba4 g6 6. O-O Bg7 7. d4 exd4 8. cxd4 b5 9. Bc2 d5 10. e5 O-O 11. Bg5 h6 12. Bh4 Bg4 13. Nc3 Bxf3 14. gxf3 g5 15. Bg3 Qd7 16. Qd3 Ng6 17. Rfe1 Rfe8 18. a3 h5 19. e6 Rxe6 20. Rxe6 Qxe6 21. Nxd5 Qxd5 22. Bb3 Qd7 23. Qxg6 Nxd4 24. Rd1 Nxf3+ 25. Kg2 Ne1+ 26. Rxe1 h4 27. Be5 Qg4+ 28. Kf1 Qh3+ 29. Ke2 Qg4+ 30. f3 Qg2+ 31. Ke3 Qxf3+ 32. Kxf3 g4+ 33. Kxg4 1-0

[Event "46th GRE-chT Premier 2018"]
[Site "Rio Achaia"]
[Date "2018.07.14"]
[Round "6"]
[White "Kaliontzaki, Argyro Evanthia"]
[Black "Bastianou, Chrysoula"]
[Result "0-1"]
[WhiteElo "1346"]
[BlackElo "1710"]
[Annotator "NA"]
[PlyCount "71"]
[EventDate "2018.07.10"]
[EventType "team-tourn"]
[EventCountry "GRE"]
[SourceTitle "playchess.com"]
[Source "ChessBase"]
[SourceQuality "1"]

1. e4 e6 2. d4 d5 3. Nd2 c5 4. exd5 Qxd5 5. dxc5 Bxc5 6. Ngf3 Nf6 7. Bc4 Qh5 8. O-O O-O 9. Nb3 Bb6 10. Qe2 Nc6 11. Be3 Bxe3 12. Qxe3 b6 13. Rad1 Bb7 14. Qe2 Ne7 15. Nbd4 Ned5 16. Ne5 Qxe2 17. Bxe2 Nf4 18. Bf3 Bxf3 19. Ndxf3 Rac8 20. Nd4 Rc5 21. Rfe1 h6 22. c3 Kh7 23. Ndc6 Ng6 24. Rd6 Nxe5 25. Nxe5 Ra5 26. a3 Rb5 27. Re2 Rc8 28. Nc6 Ne8 29. Nxa7 Nxd6 30. Nxb5 Nxb5 31. Rd2 Rc7 32. Kf1 Kg6 33. Ke2 Kf6 34. Ke3 Ke7 35. f3 Nd6 36. Kd4 0-1

[Event "46th GRE-chT Premier 2018"]
[Site "Rio Achaia"]
[Date "2018.07.14"]
[Round "6"]
[White "Gioutsos, Vasileios"]
[Black "Fertakis, Dimitrios"]
[Result "1-0"]
[WhiteElo "1339"]
[BlackElo "1058"]
[Annotator "NA"]
[PlyCount "69"]
[EventDate "2018.07.10"]
[EventType "team-tourn"]
[EventCountry "GRE"]
[SourceTitle "playchess.com"]
[Source "ChessBase"]
[SourceQuality "1"]

1. e4 c5 2. Nf3 e6 3. c3 Nf6 4. Bd3 Nc6 5. O-O Be7 6. Bc2 O-O 7. d4 cxd4 8. cxd4 d5 9. e5 Nd7 10. Qd3 g6 11. Bh6 Re8 12. Nc3 Nb4 13. Qd2 Nxc2 14. Qxc2 b6 15. Qd2 Ba6 16. Rfe1 Rc8 17. Ng5 f6 18. Nxe6 fxe5 19. Nxd8 Bxd8 20. dxe5 Bc7 21. Qxd5+ Kh8 22. Qxd7 Rg8 23. Nb5 Bxb5 24. Bg7+ Rxg7 25. Qxc8+ Rg8 26. Qxc7 Re8 27. e6 Kg8 28. Qf7+ Kh8 29. e7 h5 30. Re6 Bc4 31. Qf6+ Kg8 32. Qxg6+ Kh8 33. Re5 Rxe7 34. Rxh5+ Rh7 35. Qxh7# 1-0

[Event "46th GRE-chT Premier 2018"]
[Site "Rio Achaia"]
[Date "2018.07.14"]
[Round "6"]
[White "Tsouli, Rafailia"]
[Black "Georgitsi, Antigoni"]
[Result "0-1"]
[WhiteElo "1327"]
[BlackElo "1811"]
[Annotator "NA"]
[PlyCount "181"]
[EventDate "2018.07.10"]
[EventType "team-tourn"]
[EventCountry "GRE"]
[SourceTitle "playchess.com"]
[Source "ChessBase"]
[SourceQuality "1"]

1. d4 Nf6 2. c4 e5 3. dxe5 Ng4 4. Bf4 g5 5. Bg3 Bg7 6. Nf3 Nc6 7. h4 Ngxe5 8. Nxe5 Nxe5 9. e3 g4 10. h5 h6 11. Qc2 d6 12. Nc3 Be6 13. Nd5 c6 14. Bxe5 Bxe5 15. Nf4 Qa5+ 16. Qd2 Qxd2+ 17. Kxd2 Bf5 18. Bd3 Bxd3 19. Nxd3 Bf6 20. Rab1 O-O-O 21. Nf4 Bg5 22. Ne2 d5 23. cxd5 Rxd5+ 24. Kc2 Rf5 25. Rhf1 Rc5+ 26. Kb3 Rd8 27. Rbd1 Rxd1 28. Rxd1 Rf5 29. Rf1 Bxe3 30. Ng3 Rb5+ 31. Kc2 Bf4 32. Ne2 Be5 33. b3 Ra5 34. Kb1 Rd5 35. Kc2 Ra5 36. Kb1 Bd6 37. Rd1 Kc7 38. Rd4 Rf5 39. Rxg4 Rxf2 40. Nd4 Be5 41. Nf3 Bc3 42. Rc4 Bh8 43. Rc2 Rf1+ 44. Rc1 Rxc1+ 45. Kxc1 Kd6 46. Kd2 Kc5 47. Nh4 Bf6 48. Nf5 Bg5+ 49. Kc3 Kd5 50. Kd3 Ke5 51. Nd4 Kf4 52. Nf3 Bf6 53. Nd2 Kg4 54. Ne4 Be7 55. Ke3 Kxh5 56. Kf4 Kg6 57. g4 f6 58. Kf3 b5 59. Ng3 c5 60. Nf5 Bf8 61. Ne3 a5 62. Ke4 Kg5 63. Kf3 Bd6 64. Ke4 Bf4 65. Nd5 Be5 66. Ne3 Bd4 67. Nf5 Kxg4 68. Nxh6+ Kg5 69. Nf7+ Kg6 70. Nd6 b4 71. Nc4 Kg5 72. Kf3 f5 73. Nxa5 f4 74. Nc4 Kf5 75. Nd2 Be3 76. Nc4 Bc1 77. Nd6+ Ke5 78. Ne4 Kd4 79. Nf6 Be3 80. Ne4 Kd3 81. Nd6 Kc2 82. Nc4 Kb1 83. a4 bxa3 84. Nxa3+ Kb2 85. Nb5 Kxb3 86. Nd6 c4 87. Ne4 c3 88. Nxc3 Kxc3 89. Kg2 Kd2 90. Kf3 Ke1 91. Kg2 0-1

[Event "46th GRE-chT Premier 2018"]
[Site "Rio Achaia"]
[Date "2018.07.14"]
[Round "6"]
[White "Chatzigavriil, Georgios"]
[Black "Kazakos, Nikolaos"]
[Result "0-1"]
[WhiteElo "1318"]
[BlackElo "1375"]
[Annotator "NA"]
[PlyCount "128"]
[EventDate "2018.07.10"]
[EventType "team-tourn"]
[EventCountry "GRE"]
[SourceTitle "playchess.com"]
[Source "ChessBase"]
[SourceQuality "1"]

1. c4 e6 2. Nc3 d5 3. d4 Nf6 4. Bg5 Nbd7 5. e3 Be7 6. Nf3 h6 7. Bxf6 Nxf6 8. Bd3 dxc4 9. Bxc4 O-O 10. O-O b6 11. Ne5 Bd6 12. Qf3 Bd7 13. Nxd7 Nxd7 14. Nb5 Qe7 15. Nxd6 cxd6 16. Rac1 d5 17. Ba6 Nb8 18. Bb5 a6 19. Bd3 Qb7 20. Qf4 Nc6 21. e4 Nb4 22. Bb1 dxe4 23. Bxe4 Nd5 24. Qg3 Rac8 25. Bxd5 Qxd5 26. Qe5 Qxa2 27. Qe2 Rxc1 28. Rxc1 Rd8 29. h3 Rxd4 30. Rc8+ Kh7 31. Qc2+ f5 32. Qc3 Qb1+ 33. Kh2 Qe4 34. Qg3 Qf4 35. Rc6 Qxg3+ 36. Kxg3 Rb4 37. Rxe6 Rxb2 38. Re5 f4+ 39. Kf3 g5 40. h4 Kg6 41. hxg5 hxg5 42. g3 Rb3+ 43. Kg2 Kf6 44. gxf4 gxf4 45. Re4 Kf5 46. Rd4 b5 47. f3 Rb2+ 48. Kf1 a5 49. Ke1 a4 50. Kd1 a3 51. Kc1 b4 52. Rc4 b3 53. Rb4 Rc2+ 54. Kd1 a2 55. Rxb3 a1=Q+ 56. Kxc2 Qa2+ 57. Rb2 Qc4+ 58. Kd2 Qd4+ 59. Kc2 Qf2+ 60. Kc1 Qxf3 61. Rd2 Kg4 62. Kc2 Kg3 63. Kc1 Qf1+ 64. Kc2 Qf2 0-1

[Event "46th GRE-chT Premier 2018"]
[Site "Rio Achaia"]
[Date "2018.07.14"]
[Round "6"]
[White "Batzoli, Maria"]
[Black "Kratimenou, Maria"]
[Result "1/2-1/2"]
[WhiteElo "1312"]
[BlackElo "1207"]
[Annotator "NA"]
[PlyCount "80"]
[EventDate "2018.07.10"]
[EventType "team-tourn"]
[EventCountry "GRE"]
[SourceTitle "playchess.com"]
[Source "ChessBase"]
[SourceQuality "1"]

1. d4 d5 2. Bf4 Nf6 3. e3 c5 4. c3 Nc6 5. Nd2 Qb6 6. Qb3 c4 7. Qc2 h6 8. e4 e6 9. e5 Nd7 10. Bg3 Be7 11. Be2 O-O 12. f4 Qd8 13. Ngf3 b5 14. O-O b4 15. Bf2 bxc3 16. bxc3 Qa5 17. g4 Nb6 18. Bh4 Bxh4 19. Nxh4 Na4 20. Rf3 Rb8 21. Rb1 Bd7 22. Bd1 Rxb1 23. Nxb1 Rb8 24. Rf2 Rb2 25. Qc1 Rxf2 26. Kxf2 Qd8 27. Nf3 Qa5 28. Qc2 Ne7 29. Ke3 Qb6 30. Qc1 Nc8 31. Bc2 Qb7 32. Qa3 Ncb6 33. Qb4 Qc7 34. Na3 a6 35. Nb1 Bb5 36. Na3 Bc6 37. Nb1 Bb5 38. Na3 Bc6 39. Nb1 Bb5 40. Na3 Bc6 1/2-1/2

[Event "46th GRE-chT Premier 2018"]
[Site "Rio Achaia"]
[Date "2018.07.14"]
[Round "6"]
[White "Soukarie, Zorz"]
[Black "Makridis, Dimitrios"]
[Result "0-1"]
[WhiteElo "1295"]
[BlackElo "1565"]
[Annotator "NA"]
[PlyCount "76"]
[EventDate "2018.07.10"]
[EventType "team-tourn"]
[EventCountry "GRE"]
[SourceTitle "playchess.com"]
[Source "ChessBase"]
[SourceQuality "1"]

1. e4 c5 2. Nf3 e6 3. d4 cxd4 4. Nxd4 a6 5. Nc3 b5 6. Be2 Bb7 7. a3 Qc7 8. O-O Nf6 9. Bf3 d6 10. Re1 Nbd7 11. Nb3 Be7 12. Bf4 O-O 13. Qd3 h6 14. Rad1 e5 15. Bg3 Rac8 16. Qe2 Rfd8 17. Rd2 Nb6 18. Na5 Na4 19. Nxa4 Qxa5 20. Nc3 b4 21. axb4 Qxb4 22. Nd1 Bxe4 23. Bxe4 Nxe4 24. c3 Nxg3 25. hxg3 Qb7 26. Ne3 d5 27. Qf3 Qb3 28. Red1 Bg5 29. Rxd5 Rxd5 30. Rxd5 Qxb2 31. Rxe5 Qxc3 32. Qe4 Bxe3 33. Qxe3 Qa1+ 34. Kh2 Rc1 35. Re8+ Kh7 36. Qd3+ g6 37. Kh3 Rh1+ 38. Kg4 Qa4+ 0-1

[Event "46th GRE-chT Premier 2018"]
[Site "Rio Achaia"]
[Date "2018.07.14"]
[Round "6"]
[White "Matthaiaki, Nefeli"]
[Black "Apostolakaki, Evangelia"]
[Result "1/2-1/2"]
[WhiteElo "1266"]
[BlackElo "1376"]
[Annotator "NA"]
[PlyCount "104"]
[EventDate "2018.07.10"]
[EventType "team-tourn"]
[EventCountry "GRE"]
[SourceTitle "playchess.com"]
[Source "ChessBase"]
[SourceQuality "1"]

1. e4 e5 2. Nf3 Nc6 3. Bc4 Bc5 4. c3 Nf6 5. d3 O-O 6. Bb3 d5 7. Qe2 dxe4 8. dxe4 h6 9. Nbd2 a6 10. h3 Qe7 11. Nf1 Be6 12. Bc2 Rfd8 13. Ng3 b5 14. b3 Rab8 15. Be3 Bxe3 16. Qxe3 Nd7 17. O-O Qc5 18. Rad1 Qxe3 19. fxe3 Nf6 20. Rxd8+ Rxd8 21. Rd1 Rxd1+ 22. Bxd1 g6 23. Bc2 Kf8 24. Bd3 Nd7 25. Nd2 Nc5 26. Be2 Bd7 27. Ngf1 Na7 28. Nh2 f6 29. Ng4 Kg7 30. Nf2 Bc6 31. g4 Nc8 32. Bf3 Nd6 33. Bg2 a5 34. Kf1 a4 35. b4 Ne6 36. a3 Bb7 37. h4 f5 38. gxf5 gxf5 39. Kg1 f4 40. exf4 Nxf4 41. Bf3 Bc8 42. Kh2 h5 43. Kg3 Kg6 44. Kh2 Be6 45. Kg3 Ne8 46. Nf1 Nf6 47. Ne3 c6 48. Kh2 Ng8 49. Kg3 Ne7 50. Kh2 Kf6 51. Kg3 Neg6 52. Bd1 Bd7 1/2-1/2

[Event "46th GRE-chT Premier 2018"]
[Site "Rio Achaia"]
[Date "2018.07.14"]
[Round "6"]
[White "Tzikas, Athanasios G"]
[Black "Rousis, Chrysostomos"]
[Result "0-1"]
[WhiteElo "1251"]
[BlackElo "1483"]
[Annotator "NA"]
[PlyCount "122"]
[EventDate "2018.07.10"]
[EventType "team-tourn"]
[EventCountry "GRE"]
[SourceTitle "playchess.com"]
[Source "ChessBase"]
[SourceQuality "1"]

1. e4 c5 2. Nf3 d6 3. d4 cxd4 4. Nxd4 Nf6 5. Nc3 a6 6. Be2 e5 7. Nb3 Be7 8. O-O O-O 9. Be3 Be6 10. f3 Nbd7 11. Qd2 Rc8 12. Rad1 h6 13. Qe1 Nb6 14. Qf2 Nc4 15. Bxc4 Bxc4 16. Rfe1 b5 17. f4 exf4 18. Bxf4 Qc7 19. Qg3 Qb6+ 20. Be3 Qc7 21. Bxh6 Ne8 22. Bf4 b4 23. Nd5 Bxd5 24. exd5 Bf6 25. Rb1 Qd8 26. Qd3 Nc7 27. Bd2 Rb8 28. c3 bxc3 29. Bxc3 Bxc3 30. bxc3 Qg5 31. Rbd1 Rfe8 32. Rxe8+ Rxe8 33. Qc4 Qe3+ 34. Kf1 Nb5 35. Rc1 Re4 36. Qc8+ Kh7 37. Qh3+ Qxh3 38. gxh3 Rc4 39. Na5 Rxc3 40. Rxc3 Nxc3 41. Nb7 Nxd5 42. Nxd6 Kg6 43. Kf2 Nc3 44. a3 Nb5 45. Nc4 Nc3 46. Kf3 f5 47. Kf4 Kf6 48. h4 Nd5+ 49. Kf3 Kg6 50. Ne3 Nxe3 51. Kxe3 Kf6 52. Kf4 g6 53. h3 Kf7 54. Kg5 Ke6 55. Kxg6 f4 56. h5 f3 57. h6 f2 58. h7 f1=Q 59. h8=Q Qf5+ 60. Kg7 Qg5+ 61. Kh7 Kf7 0-1

[Event "46th GRE-chT Premier 2018"]
[Site "Rio Achaia"]
[Date "2018.07.14"]
[Round "6"]
[White "Paroglou, Marianna"]
[Black "Papanagiotou, Argyro"]
[Result "1-0"]
[WhiteElo "1241"]
[BlackElo "1037"]
[Annotator "NA"]
[PlyCount "81"]
[EventDate "2018.07.10"]
[EventType "team-tourn"]
[EventCountry "GRE"]
[SourceTitle "playchess.com"]
[Source "ChessBase"]
[SourceQuality "1"]

1. e4 e5 2. Nf3 Nc6 3. Bc4 Nf6 4. d3 Be7 5. c3 d6 6. h3 a6 7. a4 Be6 8. Bxe6 fxe6 9. Ng5 Qd7 10. Qb3 d5 11. exd5 exd5 12. O-O h6 13. Nf3 O-O-O 14. Qc2 e4 15. dxe4 Nxe4 16. Nbd2 Nf6 17. Re1 g5 18. Nf1 Rde8 19. Ne3 Bc5 20. Qf5 Qxf5 21. Nxf5 Rxe1+ 22. Nxe1 g4 23. Bxh6 gxh3 24. gxh3 Ne4 25. Nd3 Bf8 26. Bxf8 Rxf8 27. Ng3 Rg8 28. Kh2 Nf6 29. Re1 Rh8 30. Kg2 Rh7 31. Re6 Rh6 32. Nc5 Nd8 33. Re1 Rh4 34. b3 a5 35. Nd3 Nf7 36. f4 c5 37. Nf5 Rh5 38. Ne7+ Kc7 39. Nxc5 b6 40. Nd3 Kd6 41. Nc8+ 1-0

[Event "46th GRE-chT Premier 2018"]
[Site "Rio Achaia"]
[Date "2018.07.14"]
[Round "6"]
[White "Stellaki, Alexandra"]
[Black "Tounta, Nefeli"]
[Result "1/2-1/2"]
[WhiteElo "1241"]
[BlackElo "1344"]
[Annotator "NA"]
[PlyCount "34"]
[EventDate "2018.07.10"]
[EventType "team-tourn"]
[EventCountry "GRE"]
[SourceTitle "playchess.com"]
[Source "ChessBase"]
[SourceQuality "1"]

1. d4 Nf6 2. Bf4 g6 3. e3 Bg7 4. Nd2 O-O 5. Ngf3 d6 6. c3 Nbd7 7. Be2 c5 8. h3 Qc7 9. O-O e5 10. dxe5 Nxe5 11. Nc4 Nxc4 12. Bxc4 Rd8 13. Ng5 Rd7 14. Bb5 Rd8 15. Bc4 Rd7 16. Bb5 Rd8 17. Bc4 Rd7 1/2-1/2

[Event "46th GRE-chT Premier 2018"]
[Site "Rio Achaia"]
[Date "2018.07.14"]
[Round "6"]
[White "Vitzileou, Fedra"]
[Black "Louka, Marianthi"]
[Result "1/2-1/2"]
[WhiteElo "1226"]
[BlackElo "1465"]
[Annotator "NA"]
[PlyCount "84"]
[EventDate "2018.07.10"]
[EventType "team-tourn"]
[EventCountry "GRE"]
[SourceTitle "playchess.com"]
[Source "ChessBase"]
[SourceQuality "1"]

1. c4 e5 2. Nc3 Nf6 3. g3 Nc6 4. Bg2 Bc5 5. d3 h6 6. Nf3 d6 7. O-O O-O 8. Be3 Bb6 9. d4 Ng4 10. Qd2 Nxe3 11. fxe3 Bg4 12. d5 Ne7 13. Na4 Qd7 14. Nxb6 axb6 15. b3 Bh3 16. e4 Bxg2 17. Kxg2 Kh8 18. Ne1 Qg4 19. Qd3 f5 20. exf5 Nxf5 21. Nc2 Qg5 22. a4 h5 23. Kh1 Qg4 24. Qf3 Nxg3+ 25. Qxg3 Qe4+ 26. Qg2 Qxc2 27. Rg1 Qh7 28. Raf1 Rf4 29. Rxf4 exf4 30. Qg5 Re8 31. Rg2 Qb1+ 32. Rg1 Qe4+ 33. Rg2 Qb1+ 34. Rg1 Qh7 35. Rg2 Qh6 36. Qf5 Rg8 37. Qd7 Qh7 38. Qxc7 Qb1+ 39. Rg1 Qe4+ 40. Rg2 Qb1+ 41. Rg1 Qe4+ 42. Rg2 Qb1+ 1/2-1/2

[Event "46th GRE-chT Premier 2018"]
[Site "Rio Achaia"]
[Date "2018.07.14"]
[Round "6"]
[White "Bellou, Nazareta"]
[Black "Apostolidou, Eleni"]
[Result "1-0"]
[WhiteElo "1211"]
[BlackElo "1290"]
[Annotator "NA"]
[PlyCount "43"]
[EventDate "2018.07.10"]
[EventType "team-tourn"]
[EventCountry "GRE"]
[SourceTitle "playchess.com"]
[Source "ChessBase"]
[SourceQuality "1"]

1. e4 e5 2. Nf3 Nc6 3. Bc4 Bc5 4. d3 h6 5. O-O Nf6 6. c3 d6 7. a4 a6 8. Re1 O-O 9. Nbd2 Re8 10. Nf1 Ba7 11. Ng3 Ne7 12. h3 Ng6 13. d4 exd4 14. cxd4 Be6 15. Bxe6 Rxe6 16. d5 Re8 17. Nd4 Qd7 18. Ndf5 Kh7 19. Qd3 Re5 20. Qf3 Nxd5 21. Bxh6 gxh6 22. Qh5 1-0

[Event "46th GRE-chT Premier 2018"]
[Site "Rio Achaia"]
[Date "2018.07.14"]
[Round "6"]
[White "Amaxopoulos, Christos"]
[Black "Karavitaki, Antonia"]
[Result "0-1"]
[WhiteElo "1180"]
[BlackElo "1285"]
[Annotator "NA"]
[PlyCount "99"]
[EventDate "2018.07.10"]
[EventType "team-tourn"]
[EventCountry "GRE"]
[SourceTitle "playchess.com"]
[Source "ChessBase"]
[SourceQuality "1"]

1. e4 c5 2. Nc3 Nc6 3. f4 g6 4. Nf3 Bg7 5. Bc4 e6 6. f5 Nge7 7. fxe6 fxe6 8. a4 O-O 9. O-O d5 10. Ba2 b6 11. Qe1 Nd4 12. Nxd4 Bxd4+ 13. Kh1 Bb7 14. exd5 exd5 15. d3 Qd7 16. Bh6 Rxf1+ 17. Qxf1 Nf5 18. Bg5 Rf8 19. Qe2 Qf7 20. Re1 Ng7 21. Bh4 Bc6 22. Bb3 Kh8 23. Nd1 Qf4 24. Bg3 Qf7 25. c3 Re8 26. Qf1 Rxe1 27. Qxe1 Bf6 28. Kg1 Nh5 29. Be5 Qe7 30. Bxf6+ Qxf6 31. Qf2 Qe7 32. Ne3 Nf6 33. h3 Kg7 34. d4 c4 35. Bc2 Qd7 36. Qf3 Qe8 37. b3 cxb3 38. Bxb3 Qd7 39. Kf1 Bxa4 40. Bxd5 Nxd5 41. Nxd5 Qe6 42. Ne3 Bb5+ 43. Kf2 Bd7 44. Qb7 a5 45. Qa7 a4 46. d5 Qf7+ 47. Ke2 Bb5+ 48. c4 Bxc4+ 49. Nxc4 Qxa7 50. d6 0-1

[Event "46th GRE-chT Premier 2018"]
[Site "Rio Achaia"]
[Date "2018.07.14"]
[Round "6"]
[White "Karamitanis, Lazaros"]
[Black "Kartsidima, Angeliki"]
[Result "0-1"]
[WhiteElo "1159"]
[BlackElo "1317"]
[Annotator "NA"]
[PlyCount "114"]
[EventDate "2018.07.10"]
[EventType "team-tourn"]
[EventCountry "GRE"]
[SourceTitle "playchess.com"]
[Source "ChessBase"]
[SourceQuality "1"]

1. d4 Nf6 2. Nf3 g6 3. g3 Bg7 4. Bg2 O-O 5. O-O d6 6. c4 c5 7. dxc5 dxc5 8. Nc3 Nc6 9. Qxd8 Rxd8 10. Be3 Nd7 11. Rfd1 Rb8 12. Rd2 Na5 13. Rc2 Nxc4 14. Bf4 e5 15. Bc1 a6 16. Ne4 b5 17. b3 f5 18. bxc4 fxe4 19. Nd2 bxc4 20. Bxe4 Nb6 21. Nxc4 Nxc4 22. Rxc4 Rd4 23. Rxd4 exd4 24. Bd5+ Kf8 25. Ba3 Ke8 26. Rc1 Bh3 27. Rxc5 Bf8 28. Bc6+ Kd8 29. Rc1 Bxa3 30. Rd1 Kc7 31. Bd5 Rb2 32. Bc4 Rc2 33. Bxa6 Rxa2 34. Bd3 Bb2 35. f3 Ra1 36. Rxa1 Bxa1 37. Kf2 Bf5 38. e4 Be6 39. Kg2 Kc6 40. Kf2 Kc5 41. Ke1 Bc4 42. Kd2 Bxd3 43. Kxd3 Kd6 44. f4 Bc3 45. g4 Ke6 46. g5 Bb2 47. Kc2 Ba3 48. Kd3 Bc1 49. Kxd4 Bxf4 50. h3 Bxg5 51. Kd3 Ke5 52. Ke2 Kxe4 53. Kf2 Kf4 54. Kg2 Bh4 55. Kh2 Kf3 56. Kg1 Kg3 57. Kh1 Kxh3 0-1

[Event "46th GRE-chT Premier 2018"]
[Site "Rio Achaia"]
[Date "2018.07.14"]
[Round "6"]
[White "Magklaras, Panagiotis"]
[Black "Stefanou, Konstantinos"]
[Result "0-1"]
[WhiteElo "1131"]
[BlackElo "1677"]
[Annotator "NA"]
[PlyCount "112"]
[EventDate "2018.07.10"]
[EventType "team-tourn"]
[EventCountry "GRE"]
[SourceTitle "playchess.com"]
[Source "ChessBase"]
[SourceQuality "1"]

1. e4 c5 2. Nf3 e6 3. d4 cxd4 4. Nxd4 Nc6 5. Nc3 Qc7 6. Be2 a6 7. O-O Nf6 8. Be3 d6 9. Kh1 Be7 10. f4 Bd7 11. a3 O-O 12. Qe1 Rac8 13. Nxc6 Bxc6 14. Bd3 e5 15. fxe5 dxe5 16. Qg3 Kh8 17. Qf3 Nd7 18. Nd5 Bxd5 19. exd5 f5 20. Qg3 e4 21. Bf4 Qd8 22. Be2 Rxc2 23. Rfe1 Rxb2 24. Bc7 Qe8 25. Rab1 Rxb1 26. Rxb1 b5 27. a4 bxa4 28. Bxa6 Qf7 29. d6 Qa2 30. Rc1 Bf6 31. Qe3 Qb3 32. Qe1 Ne5 33. Rb1 Qd5 34. Qb4 Qf7 35. Qxa4 Qd5 36. Rd1 Qc5 37. Qb5 Qc2 38. Qe2 Qc5 39. Qb5 Qe3 40. Qe2 Qa7 41. Rf1 g6 42. Rc1 Ng4 43. Rf1 Bd4 44. h3 Nf2+ 45. Kh2 Be5+ 46. g3 f4 47. gxf4 Rxf4 48. Kg2 e3 49. Rb1 Qd4 50. Bb7 Nxh3 51. Bf3 Rh4 52. Kf1 Nf4 53. Qb5 e2+ 54. Ke1 Qc3+ 55. Kf2 Bd4+ 56. Kg3 e1=Q+ 0-1

[Event "46th GRE-chT Premier 2018"]
[Site "Rio Achaia"]
[Date "2018.07.14"]
[Round "6"]
[White "Lagogianni, Niki Vasiliki"]
[Black "Strati, Betty - Anna"]
[Result "0-1"]
[WhiteElo "1123"]
[BlackElo "1631"]
[Annotator "NA"]
[PlyCount "96"]
[EventDate "2018.07.10"]
[EventType "team-tourn"]
[EventCountry "GRE"]
[SourceTitle "playchess.com"]
[Source "ChessBase"]
[SourceQuality "1"]

1. e4 c5 2. Nf3 g6 3. d4 cxd4 4. Nxd4 Bg7 5. Nc3 Nc6 6. Be3 Nf6 7. Be2 O-O 8. f4 d5 9. e5 Ne4 10. Nxc6 bxc6 11. Nxe4 dxe4 12. Qxd8 Rxd8 13. O-O f6 14. Bc4+ Kh8 15. Rad1 Bg4 16. Rxd8+ Rxd8 17. h3 Bc8 18. exf6 exf6 19. Bxa7 f5 20. c3 Rd2 21. Rf2 Rd1+ 22. Kh2 Bf6 23. Bb3 Rd7 24. Be3 Ba6 25. Bc2 Rb7 26. Ba4 Rc7 27. Rd2 Bd3 28. Bc2 Rd7 29. Kg3 h6 30. h4 Kg7 31. Kh3 Rd8 32. Bxd3 exd3 33. g3 Kf7 34. Kg2 Be7 35. Bd4 c5 36. Be3 c4 37. Bd4 g5 38. hxg5 hxg5 39. b3 Rxd4 40. cxd4 Bb4 41. Rxd3 cxd3 42. Kf3 gxf4 43. gxf4 Ke6 44. Ke3 d2 45. Ke2 Kd5 46. a3 Bxa3 47. Kxd2 Kxd4 48. Ke2 Ke4 0-1

[Event "46th GRE-chT Premier 2018"]
[Site "Rio Achaia"]
[Date "2018.07.14"]
[Round "6"]
[White "Papanagiotou, Dimitrios"]
[Black "Tsiros, Fragkiskos Vlasios"]
[Result "0-1"]
[WhiteElo "1031"]
[BlackElo "2181"]
[Annotator "NA"]
[PlyCount "100"]
[EventDate "2018.07.10"]
[EventType "team-tourn"]
[EventCountry "GRE"]
[SourceTitle "playchess.com"]
[Source "ChessBase"]
[SourceQuality "1"]

1. e4 d6 2. d4 Nf6 3. Nc3 g6 4. Nf3 Bg7 5. Bf4 O-O 6. Bc4 a6 7. Qd2 b5 8. Bb3 Bb7 9. Qe2 c5 10. dxc5 dxc5 11. Rd1 Qa5 12. Bd2 c4 13. Nd5 Qd8 14. Nxf6+ Bxf6 15. Bh6 Qa5+ 16. Nd2 Rc8 17. c3 cxb3 18. axb3 Qc7 19. O-O e5 20. Nf3 Nd7 21. Rfe1 Nc5 22. Nd2 Rd8 23. b4 Nd3 24. Rf1 Nxb2 25. Rc1 Nc4 26. Nb3 Bg7 27. Bg5 f6 28. Bh4 Qc6 29. f3 a5 30. Ra1 axb4 31. Rxa8 Rxa8 32. cxb4 Bf8 33. Nc5 Bxc5+ 34. bxc5 Qxc5+ 35. Kh1 Qe3 36. Qd1 Qd2 37. Qxd2 Nxd2 38. Rd1 g5 39. Bf2 Nc4 40. g4 Bc6 41. Kg2 Kf7 42. Kg3 Ra3 43. Kg2 h5 44. h3 f5 45. gxf5 g4 46. hxg4 hxg4 47. Re1 gxf3+ 48. Kg3 Nd2 49. Kh2 Nxe4 50. Bh4 Ra2+ 0-1

[Event "46th GRE-chT Premier 2018"]
[Site "Rio Achaia"]
[Date "2018.07.14"]
[Round "6"]
[White "Chasouraki, Chrysi"]
[Black "Skiadopoulou, Afroditi-Lelouda"]
[Result "0-1"]
[WhiteElo "1026"]
[BlackElo "1491"]
[Annotator "NA"]
[PlyCount "118"]
[EventDate "2018.07.10"]
[EventType "team-tourn"]
[EventCountry "GRE"]
[SourceTitle "playchess.com"]
[Source "ChessBase"]
[SourceQuality "1"]

1. e4 e5 2. Nf3 Nc6 3. Bc4 Bc5 4. O-O Nf6 5. d3 O-O 6. c3 d6 7. h3 a6 8. Re1 Ba7 9. Nbd2 Na5 10. Bb3 Nxb3 11. Nxb3 h6 12. d4 Nd7 13. Qc2 Qf6 14. Be3 Re8 15. Rad1 Nf8 16. Kh1 Bxh3 17. Nxe5 Bxg2+ 18. Kxg2 dxe5 19. Rg1 exd4 20. Nxd4 Rad8 21. Kf1 Ne6 22. Qd2 Nxd4 23. cxd4 Re6 24. e5 Qh4 25. Ke2 Qh5+ 26. Ke1 Rxe5 27. Kf1 Qh3+ 28. Rg2 Qh1+ 29. Rg1 Qh3+ 30. Rg2 Re6 31. Re1 Rg6 32. f4 Qh1+ 33. Rg1 Rxg1+ 34. Bxg1 Qf3+ 35. Qf2 Qxf2+ 36. Bxf2 Kf8 37. Rd1 c6 38. Ke2 f6 39. b4 Ke7 40. Kd3 Rd7 41. Rg1 Kf7 42. Rg2 Rd5 43. a3 g5 44. Rh2 Kg6 45. fxg5 fxg5 46. Ke4 h5 47. Rg2 g4 48. Be3 Bb8 49. Bf2 Rf5 50. Be3 Rf3 51. Rf2 Rxf2 52. Bxf2 Kg5 53. a4 g3 54. Bg1 Kg4 55. d5 cxd5+ 56. Kxd5 h4 57. Kc5 Bc7 58. Kd5 h3 59. Ke6 h2 0-1

[Event "46th GRE-chT Premier 2018"]
[Site "Rio Achaia"]
[Date "2018.07.15"]
[Round "7"]
[White "Safarli, Eltaj"]
[Black "Warakomski, Tomasz"]
[Result "1-0"]
[WhiteElo "2667"]
[BlackElo "2505"]
[Annotator "TA"]
[PlyCount "73"]
[EventDate "2018.07.10"]
[EventType "team-tourn"]
[EventCountry "GRE"]
[SourceTitle "playchess.com"]
[Source "ChessBase"]
[SourceQuality "1"]

1. e4 e5 2. Nf3 Nc6 3. Bb5 a6 4. Ba4 Nf6 5. O-O Be7 6. Re1 b5 7. Bb3 d6 8. c3 O-O 9. h3 Nb8 10. d4 Nbd7 11. Nbd2 Bb7 12. Bc2 Re8 13. Nf1 Bf8 14. Bg5 h6 15. Bh4 Ra7 16. a4 Qa8 17. axb5 axb5 18. Rxa7 Qxa7 19. dxe5 dxe5 20. Ne3 Qb6 21. Ng4 Qd6 22. Qe2 Nxg4 23. hxg4 b4 24. Rd1 Qc6 25. Bd3 Qb6 26. Bb5 Bc6 27. Bc4 Nc5 28. g5 Bxe4 29. cxb4 Qxb4 30. gxh6 Bxf3 31. gxf3 gxh6 32. f4 Ne6 33. f5 Ng5 34. Bxg5 hxg5 35. f6 Qb6 36. Qf3 Qb4 37. Qg4 1-0

[Event "46th GRE-chT Premier 2018"]
[Site "Rio Achaia"]
[Date "2018.07.15"]
[Round "7"]
[White "Erdos, Viktor"]
[Black "Kelires, Andreas"]
[Result "1/2-1/2"]
[WhiteElo "2619"]
[BlackElo "2530"]
[Annotator "TA"]
[PlyCount "73"]
[EventDate "2018.07.10"]
[EventType "team-tourn"]
[EventCountry "GRE"]
[SourceTitle "playchess.com"]
[Source "ChessBase"]
[SourceQuality "1"]

1. Nf3 Nf6 2. c4 e6 3. g3 a6 4. Bg2 b5 5. b3 Bb7 6. O-O d6 7. Nc3 b4 8. Na4 g6 9. a3 a5 10. axb4 axb4 11. Bb2 Bg7 12. d4 Nbd7 13. Ne1 Bxg2 14. Kxg2 e5 15. d5 Qc8 16. f3 c5 17. dxc6 Qxc6 18. e4 O-O 19. Nc2 Rfb8 20. Rf2 Bh6 21. Qe1 Qb7 22. Rd1 Ra6 23. Ne3 Qa7 24. Nd5 Nxd5 25. Rxd5 Bf8 26. Bc1 Qc7 27. Be3 Qc6 28. Rd1 Be7 29. Qd2 Ra5 30. Qd3 Nf8 31. Qb1 Ne6 32. Rd5 Ra6 33. Rc2 Nc7 34. Rd1 Ne6 35. Rd5 Nc7 36. Rd1 Ne6 37. Rd5 1/2-1/2